Growth and cycles in the Japanese economy

Bewaard in:
Bibliografische gegevens
Hoofdauteur: Shinohara, Miyohei
Formaat: Boek
Taal:Undetermined
Gepubliceerd in: Tokyo Kinokuniya Bookstore Co. 1962
Onderwerpen:
Tags: Voeg label toe
Geen labels, Wees de eerste die dit record labelt!
Thư viện lưu trữ: Trung tâm Học liệu Trường Đại học Cần Thơ
LEADER 00520nam a2200193Ia 4500
001 CTU_86417
008 210402s9999 xx 000 0 und d
082 |a 330.952 
082 |b S556 
100 |a Shinohara, Miyohei 
245 0 |a Growth and cycles in the Japanese economy 
245 0 |c Miyohei Shinohara 
260 |a Tokyo 
260 |b Kinokuniya Bookstore Co. 
260 |c 1962 
650 |a Economic conditions 
650 |z Japan 
904 |i Năm 
980 |a Trung tâm Học liệu Trường Đại học Cần Thơ